Music Quiz

Random Music or Bands Quiz

Artists on Their Album Cover Quiz Stats

 Plays Quiz Updated Nov 7, 2014

Score 0/25 Timer 07:00
9 Plays Today
Artist % Correct
Michael Jackson (Thriller)
99.3%
Ozzy Osbourne (Under Cover)
91.4%
Bob Dylan (Blonde on Blonde)
88.7%
Adele (21)
87.9%
Britney Spears (Baby One More Time)
87.5%
James Brown (Live at Chastain Park)
80.9%
Stevie Wonder (Hotter Than July)
80.2%
Madonna (Ray of Light)
78.5%
Aretha Franklin (Soul Serenade)
77.8%
Frank Sinatra (In the Wee Small Hours)
77.6%
David Bowie (Hunky Dory)
76.8%
Eminem (Relapse)
71%
Tom Petty [& the Heartbreakers] (Damn the Torpedoes)
64.5%
Artist % Correct
Frank Zappa (Strictly Commercial)
64%
Joan Jett (I Love Rock & Roll)
62.6%
Bruce Springsteen (Born to Run)
57.8%
Beck (Sea Change)
53.9%
Johnny Cash (The Legend of Johnny Cash)
53.2%
Peter Frampton (Frampton Comes Alive)
47.2%
Ringo Starr (Blast From Your Past)
44%
Joni Mitchell (Both Sides Now)
43.7%
Neil Young (Freedom)
37.6%
Patti Smith (Horses)
35.9%
Robert Johnson (The Complete Recordings)
31.9%
Alice Cooper (Welcome to My Nightmare)
28.6%

You're not logged in!

Compare scores with friends on all Sporcle quizzes.
Join for Free
OR
Log In

You Might Also Like...

Show Comments

Extras

Top Quizzes Today


Score Distribution

Your Account Isn't Verified!

In order to create a playlist on Sporcle, you need to verify the email address you used during registration. Go to your Sporcle Settings to finish the process.

Report this User

Report this user for behavior that violates our Community Guidelines.

Details: